|
|
|
|
| LEADER |
00000csc a2200000 a 4500 |
| 001 |
63745 |
| 003 |
Ucuenca |
| 005 |
20230308210606.0 |
| 008 |
990110|1989 ||||||||r|||||||||||spa|| |
| 020 |
|
|
|a 9681829417
|
| 040 |
|
|
|b spa
|
| 041 |
1 |
|
|a spa
|
| 082 |
0 |
|
|a 590
|
| 100 |
1 |
|
|a Boolootian, Richard A.
|9 72784
|
| 245 |
|
|
|a Introducción a la Zoología
|c Richard A. Boolootian. Versión española de Esther Sánchez Lozano
|h imp
|
| 264 |
|
|
|a México
|b Ediciones Ciencias y Técnica
|c 1989
|
| 300 |
|
|
|a 160 páginas:
|b ilu
|c 26 cm
|
| 490 |
|
|
|a Biblioteca Científica Tecnológica
|n no. 1
|
| 504 |
|
|
|a incl. ref.
|
| 650 |
|
|
|a Morfologia de la celula
|9 196880
|
| 650 |
|
|
|a Tejidos y organos
|9 196881
|
| 650 |
|
|
|a Animales invertebrados
|9 116111
|
| 852 |
|
|
|a UC-CDJBV
|f Compra
|l 1
|m General
|p 19901108
|q 10519
|r 2
|t 63745
|b 0
|d CDRC
|e CDRC
|g 590 ESTANTERIA CERRADA
|z 1990-01-10
|
| 942 |
|
|
|c CR
|0 2
|
| 999 |
|
|
|c 115743
|d 115743
|